| 000 | 00534nam a2200169 i 4500 | ||
|---|---|---|---|
| 001 | 70475 | ||
| 003 | ES-MaACL | ||
| 005 | 20230906170828.0 | ||
| 007 | t| | ||
| 008 | 040726s1949 sp ||||1| spa d | ||
| 100 | 1 |
_aGarcía-Valdecasas, Francisco. _955355 |
|
| 245 | 1 | 0 |
_aFarmacología experimental y terapéutica general / _cpor Francisco García-Valdecasas. |
| 250 | _a2ª ed. | ||
| 260 |
_aBarcelona : _bJosé Bosch, _c1949 ( _fAgustín Núñez) |
||
| 300 |
_aXXV, 509 p. : _bil. ; _c25 cm. |
||
| 852 |
_aES-MaACL _jE-1538 _bR.28731 |
||
| 999 |
_c70475 _d70475 |
||